书目信息 |
| 题名: |
东方巨人毛泽东 4
|
|
| 作者: | 李捷 编著 | |
| 分册: | 4 | |
| 出版信息: | 北京 中国人民解放军出版社 2004.01 |
|
| 页数: | 1517-2138页 | |
| 开本: | 26cm | |
| 丛书名: | ||
| 单 册: | ||
| 中图分类: | A751 | |
| 科图分类: | ||
| 主题词: | 毛泽东--生平事迹 , 毛泽东--传记 | |
| 电子资源: | ||
| ISBN: | 7-5065-3373-1 | |
| 000 | 00599nam0 2200205 45 | |
| 001 | 0432527661 | |
| 005 | 2004070809020766 | |
| 010 | @a7-5065-3373-1@dCNY 348.00 | |
| 100 | @a20040708d2004 km y0chiy0120 ea | |
| 101 | 0 | @achi |
| 102 | @aCN@b110000 | |
| 200 | 1 | @a东方巨人毛泽东 4@Adong fang ju ren mao ze dong 4@h4@f李捷等编著@Fli jie deng bian zhu |
| 210 | @a北京@c中国人民解放军出版社@d2004.01 | |
| 215 | @a1517-2138页@d26cm | |
| 606 | 0 | @a毛泽东@x生平事迹 |
| 606 | 0 | @a毛泽东@x传记 |
| 690 | 1 | @aA751@v4 |
| 701 | 0 | @a李捷@Ali jie@4编著 |
| 801 | 0 | @aCN@bPFT@c20040708 |
| 905 | @a10447@dA751@eL181:4 | |
| 东方巨人毛泽东 4.4/李捷等编著.-北京:中国人民解放军出版社,2004.01 |
| 1517-2138页;26cm |
| ISBN 7-5065-3373-1:CNY 348.00 |
| ● |
| 相关链接 |
|
|
|
正题名:东方巨人毛泽东 4
索取号:A751/L181:4
 
预约/预借
| 序号 | 登录号 | 条形码 | 馆藏地/架位号 | 状态 | 备注 |
| 1 | 386413 | 203864130 | 社科库509/504自科库 42排5列1层/ [索取号:A751/L181:4] | 在馆 | |
| 2 | 386414 | 203864149 | 社科库509/504自科库 42排5列1层/ [索取号:A751/L181:4] | 在馆 |